Russian Name Translations - Statistics

General Stats
  • This quiz has been taken 1,365 times
  • The average score is 10 of 18
Answer Stats
Hint Answer % Correct
Mikhail Michael
93%
Natalya Natasha
89%
Pyotr Peter
89%
Yekaterina Catherine
86%
Yacov Jacob
78%
Andryusha Andrew
77%
Ivan John
74%
Yelizaveta Elizabeth
72%
Pavel Paul
70%
Dzhozef Joseph
63%
Sasha Alexander
62%
Varvara Barbara
51%
Vitya Victor
31%
Gosha George
30%
Kolya Nicholas
27%
Syoma Simon
25%
Larisa Laura
20%
Lyudmila Lucy
9%
No matching quizzes found
Score Distribution
Percent of People with Each Score
Percentile by Number Answered
Your Score History
You have not taken this quiz